A Handbook for teacher librarians in Zimbabwe / (Record no. 160037)

MARC details
000 -LEADER
fixed length control field 00882nam a2200265 a 4500
008 - FIXED-LENGTH DATA ELEMENTS--GENERAL INFORMATION
fixed length control field
020 ## - INTERNATIONAL STANDARD BOOK NUMBER
International Standard Book Number 0797408738 (paperback)
040 ## - CATALOGING SOURCE
Original cataloging agency NUST
Transcribing agency NUST
049 ## - LOCAL HOLDINGS (OCLC)
Holding library MAIN
090 ## - LOCALLY ASSIGNED LC-TYPE CALL NUMBER (OCLC); LOCAL CALL NUMBER (RLIN)
Classification number (OCLC) (R) ; Classification number, CALL (RLIN) (NR) Z675.S3
Local cutter number (OCLC) ; Book number/undivided call number, CALL (RLIN) CHI
003 - CONTROL NUMBER IDENTIFIER
control field
005 - DATE AND TIME OF LATEST TRANSACTION
control field 20230123134111.0
100 ## - MAIN ENTRY--PERSONAL NAME
Personal name Chiware, E.R.T.,
-- author.
245 #2 - TITLE STATEMENT
Title A Handbook for teacher librarians in Zimbabwe /
Statement of responsibility, etc. by E.R.T. Chiware and Katherine Matsika.
260 ## - PUBLICATION, DISTRIBUTION, ETC.
Place of publication, distribution, etc. Harare :
Name of publisher, distributor, etc. Zimbabwe Library Association,
Date of publication, distribution, etc. 1989.
300 ## - PHYSICAL DESCRIPTION
Extent iv, 81 pages :
Other physical details illustrations ;
Dimensions 21 cm.
336 ## - CONTENT TYPE
Content type term text
Content type code txt
Source rdacontent
337 ## - MEDIA TYPE
Media type term unmediated
Media type code n
Source rdamedia
338 ## - CARRIER TYPE
Carrier type term volume
Carrier type code nc
Source rdacarrier
504 ## - BIBLIOGRAPHY, ETC. NOTE
Bibliography, etc. note Includes bibliographical references.
650 ## - SUBJECT ADDED ENTRY--TOPICAL TERM
Topical term or geographic name entry element Library science
General subdivision handbook.
700 ## - ADDED ENTRY--PERSONAL NAME
Personal name Matsika, Katherine.,
-- author.
907 ## - LOCAL DATA ELEMENT G, LDG (RLIN)
a .b1017574x
b 06-09-22
c 16-09-05
942 ## - ADDED ENTRY ELEMENTS (KOHA)
Koha item type Ordinary Loan Books
Call number prefix Z675.S3
Call number suffix CHI
Holdings
Date last seen Total Checkouts Full call number Barcode Cost, replacement price Price effective from Koha item type Lost status Source of classification or shelving scheme Damaged status Not for loan Collection Withdrawn status Home library Current library Shelving location Date acquired Cost, normal purchase price
01/23/2023 14 Z675.S3 CHI 92004009445 80.00 01/23/2023 BOOKS   LCC     NFIC   MAIN MAIN GEN 01/23/2023 80.00